Państwo na każdą literę - Ranking Fifa - Statystyki

Ogólne statystyki
  • Ten quiz został rozwiązany 95 razy
  • Średni wynik to 19 z 24
Statystyki odpowiedzi
Litera Państwo Miejsce w rankingu % Poprawnych
F Francja 3
97%
B Brazylia 5
96%
H Hiszpania 1
96%
A Argentyna 2
95%
D Dania 21
94%
P Portugalia 6
90%
Ł Łotwa 139
87%
J Japonia 19
85%
R Rosja 36
85%
U Urugwaj 17
84%
O Oman 78
82%
C Chorwacja 11
81%
G Grecja 46
81%
E Ekwador 23
77%
W Włochy 13
76%
I Iran 20
75%
N Niemcy 10
75%
T Turcja 25
75%
K Kolumbia 14
72%
V Vanuatu 160
68%
L Luksemburg 102
66%
Z Zjednoczone Emiraty Arabskie 68
65%
M Maroko 8
62%
S Senegal 12
48%
Nie znaleziono quizów pasujących do podanych kryteriów
Rozkład punktacji
Procent ludzi z każdym wynikiem
Percentyl według liczby udzielonych odpowiedzi
Twoja historia wyników
Nie rozwiązałeś tego quizu